[Event "World Rapid Women 2022"]
[Site "Almaty KAZ"]
[Date "2022.12.27"]
[Round "8.5"]
[White "Koneru, Humpy"]
[Black "Shuvalova, Polina"]
[Result "1-0"]
[WhiteTitle "GM"]
[BlackTitle "IM"]
[WhiteElo "2572"]
[BlackElo "2502"]
[WhiteFideId "5008123"]
[BlackFideId "24171760"]
[EventDate "2022.12.26"]

1. d4 Nf6 2. c4 e6 3. Nf3 d5 4. Nc3 Nbd7 5. Bg5 Be7 6. e3 O-O 7. Rc1 h6 8. Bh4
c5 9. cxd5 Nxd5 10. Bxe7 Nxe7 11. Be2 b6 12. O-O Bb7 13. dxc5 Nxc5 14. b4 Ne4
15. Nxe4 Bxe4 16. Qa4 Nd5 17. b5 Bh7 18. Nd4 Qd7 19. Nc6 Rfc8 20. Rfd1 Qe8 21.
Bf3 Kh8 22. g3 Rc7 23. e4 Nf6 24. Rd6 Nd7 25. Rcd1 Nc5 26. Qc4 Nb7 27. e5 Bg6
28. Qd4 Qf8 29. Rd7 Rxd7 30. Qxd7 Nc5 31. Qc7 Be4 32. Bxe4 Nxe4 33. Rd7 Qc5 34.
Rxf7 Nd2 35. h4 Rg8 36. Qd7 Qxb5 37. Qxd2 Qxc6 38. Rxa7 Qe4 39. Qf4 Qxf4 40.
gxf4 Rf8 41. Ra4 Kh7 42. Kg2 Kg6 43. Kg3 Rc8 44. Ra6 Rc6 45. f3 Kf5 46. Ra7 Rc1
47. Rf7+ Kg6 48. Rb7 Rg1+ 49. Kf2 Rb1 50. h5+ Kxh5 51. Rxg7 Rc1 52. Rf7 Rc2+ 53.
Kg3 Rc8 54. Rf6 Rg8+ 55. Kf2 Rg6 56. Rf7 Kh4 57. f5 exf5 58. Rxf5 h5 59. Rf6 Rg8
60. Rxb6 Kg5 61. Ke3 h4 62. f4+ Kg4 63. Ke4 h3 64. Rh6 Ra8 65. e6 Rxa2 66. Rg6+
Kh5 67. Rg8 h2 68. Kf5 Ra5+ 69. Kf6 Kh4 70. f5 Kh3 71. Rh8+ Kg4 72. Rxh2 Rxf5+
73. Ke7 Ra5 74. Rf2 Kg5 75. Kf7 1-0

[Event "World Rapid Women 2022"]
[Site "Almaty KAZ"]
[Date "2022.12.27"]
[Round "8.6"]
[White "Saduakassova, Dinara"]
[Black "Garifullina, Leya"]
[Result "1-0"]
[WhiteTitle "IM"]
[BlackTitle "IM"]
[WhiteElo "2434"]
[BlackElo "2357"]
[WhiteFideId "13700090"]
[BlackFideId "34127035"]
[EventDate "2022.12.26"]

1. Nf3 d5 2. g3 Nf6 3. Bg2 e6 4. O-O Be7 5. d3 O-O 6. Nbd2 c5 7. e4 Nc6 8. Re1
Qc7 9. e5 Nd7 10. Qe2 b5 11. Nf1 Bb7 12. h4 Rfc8 13. N1h2 Bf8 14. h5 h6 15. Ng4
a5 16. Bf4 a4 17. a3 Nd4 18. Qd2 Qd8 19. Rad1 Rab8 20. c3 Nb3 21. Qe2 d4 22. Nd2
Bxg2 23. Kxg2 dxc3 24. bxc3 Nxd2 25. Bxd2 Qb6 26. Qf3 Qc6 27. Re4 b4 28. cxb4
cxb4 29. Rc1 Qxc1 30. Bxc1 Rxc1 31. Nxh6+ gxh6 32. Rg4+ Bg7 33. Qe3 f5 34. exf6
Nxf6 35. Rxg7+ Kxg7 36. Qxc1 Nd5 37. axb4 Rxb4 38. Qc8 a3 39. Qxe6 a2 40. Qd7+
Kh8 41. Qxd5 a1=Q 42. Qd8+ Kh7 43. Qe7+ Kg8 44. Qxb4 Qe5 45. Qg4+ Kh8 46. Qf3
Kg7 47. g4 1-0

[Event "World Rapid Women 2022"]
[Site "Almaty KAZ"]
[Date "2022.12.27"]
[Round "8.7"]
[White "Sultanbek, Zeinep"]
[Black "Gunina, Valentina"]
[Result "0-1"]
[WhiteTitle "WIM"]
[BlackTitle "GM"]
[WhiteElo "1891"]
[BlackElo "2476"]
[WhiteFideId "13710419"]
[BlackFideId "4167570"]
[EventDate "2022.12.26"]

1. Nf3 d5 2. c4 c6 3. d4 Nf6 4. Nc3 dxc4 5. a4 Bf5 6. Ne5 Nbd7 7. Nxc4 Nb6 8.
Ne5 a5 9. f3 Nfd7 10. Nxd7 Bxd7 11. e4 e6 12. Be2 Bb4 13. O-O O-O 14. Be3 Rc8
15. Qc2 c5 16. d5 exd5 17. Nxd5 Nxd5 18. exd5 Re8 19. Bf2 Qg5 20. Bc4 h5 21. h4
Qf4 22. b3 Bf5 23. Qb2 Rcd8 24. Rad1 b6 25. Kh1 Bc8 26. Rd3 Re7 27. Qc1 Qf6 28.
Qg5 Qxg5 29. hxg5 Bf5 30. Rdd1 Bc3 31. d6 Ree8 32. Bh4 g6 33. d7 Rxd7 34. Rxd7
Bxd7 35. Rd1 Be6 36. Rd6 Bxc4 37. bxc4 Be5 38. Rxb6 Rd8 39. g3 Bc3 40. Rb5 Bb4
41. g4 hxg4 42. fxg4 Rd4 43. Bg3 Re4 44. Kg2 Rxg4 45. Kf3 Rxg5 46. Bc7 Rf5+ 47.
Ke4 Rh5 48. Bxa5 Rh4+ 49. Kd5 Rd4+ 50. Kc6 Bxa5 51. Rxa5 Rxc4 52. Kd5 Rh4 53.
Kxc5 Kg7 54. Kb6 Rb4+ 55. Kc5 Rb1 56. Rb5 Ra1 57. a5 f5 58. Kb6 f4 59. a6 f3 60.
Rb2 g5 61. a7 Kg6 62. Rd2 Kh5 63. Rd1 Rxa7 64. Kxa7 g4 65. Kb6 g3 66. Kc5 Kg4
67. Kd4 g2 68. Ke3 Kg3 69. Rc1 f2 70. Ke2 g1=Q 71. Rc3+ Kg2 0-1

[Event "World Rapid Women 2022"]
[Site "Almaty KAZ"]
[Date "2022.12.27"]
[Round "8.8"]
[White "Khademalsharieh, Sarasadat"]
[Black "Munkhzul, Turmunkh"]
[Result "0-1"]
[WhiteTitle "IM"]
[BlackTitle "WIM"]
[WhiteElo "2490"]
[BlackElo "2318"]
[WhiteFideId "12512214"]
[BlackFideId "4901878"]
[EventDate "2022.12.26"]

1. d4 Nf6 2. c4 g6 3. Nf3 Bg7 4. g3 O-O 5. Bg2 d6 6. O-O Nbd7 7. Nc3 e5 8. e4
exd4 9. Nxd4 Nc5 10. Re1 Re8 11. f3 a5 12. b3 Ne6 13. Ndb5 Nh5 14. Be3 c6 15.
Nd4 Nf6 16. Qd2 Nxd4 17. Bxd4 Be6 18. Rad1 h5 19. Qf2 Qc8 20. Na4 Qc7 21. Qb2
Qe7 22. Nb6 Ra6 23. Nd5 Bxd5 24. exd5 Qd8 25. dxc6 Rxe1+ 26. Rxe1 bxc6 27. f4 d5
28. Qe2 Ra8 29. cxd5 Nxd5 30. Bxg7 Kxg7 31. Qe5+ Qf6 32. Bxd5 cxd5 33. Qxd5 Qb6+
34. Kg2 Rd8 35. Qe5+ Kg8 36. Re2 Qc6+ 37. Kh3 Qf3 38. Qe4 Qg4+ 39. Kg2 h4 40.
Qf3 h3+ 41. Kf2 Qd7 42. g4 Qd4+ 43. Qe3 Qb4 44. Kg3 Rc8 45. Qf3 Kg7 46. Kxh3 Rc3
47. Re3 Rc2 48. a4 Qd2 49. Qg3 Rc8 50. g5 Rh8+ 51. Kg4 Qd7+ 52. Kf3 Rh3 53. Kg2
Rxg3+ 54. hxg3 Qd2+ 55. Kf3 Kf8 56. g4 Qd1+ 57. Kg3 Qg1+ 58. Kf3 Qh2 59. f5 gxf5
60. gxf5 Qh3+ 61. Kf4 Qh4+ 62. Kf3 Qxg5 63. Re5 Qd2 64. Rb5 Kg7 65. Ke4 Kf6 66.
Rb6+ Kg5 67. Rb5 f6 68. Rc5 Qb4+ 0-1

[Event "World Rapid Women 2022"]
[Site "Almaty KAZ"]
[Date "2022.12.27"]
[Round "8.9"]
[White "Arabidze, Meri"]
[Black "Kosteniuk, Alexandra"]
[Result "0-1"]
[WhiteTitle "IM"]
[BlackTitle "GM"]
[WhiteElo "2427"]
[BlackElo "2520"]
[WhiteFideId "13604040"]
[BlackFideId "4128125"]
[EventDate "2022.12.26"]

1. d4 Nf6 2. c4 e6 3. Nc3 Bb4 4. f3 c5 5. a3 Ba5 6. dxc5 Bxc3+ 7. bxc3 Qa5 8.
Qd4 Nc6 9. Qd3 Qxc5 10. e4 O-O 11. a4 Qa5 12. Ba3 Rd8 13. Bd6 b6 14. Bc7 Re8 15.
Ne2 d5 16. cxd5 exd5 17. Qb5 dxe4 18. Qxc6 Bd7 19. Qc4 Rac8 20. Rd1 Be6 21. Qc6
Bd5 22. Qd6 exf3 23. gxf3 Qxc3+ 24. Rd2 Rxc7 25. Rg1 Rd7 26. Qf4 Bxf3 27. Qg5
Qc1+ 28. Kf2 Ne4+ 0-1

[Event "World Rapid Women 2022"]
[Site "Almaty KAZ"]
[Date "2022.12.27"]
[Round "8.10"]
[White "Fataliyeva, Ulviyya"]
[Black "Stefanova, Antoaneta"]
[Result "0-1"]
[WhiteTitle "IM"]
[BlackTitle "GM"]
[WhiteElo "2428"]
[BlackElo "2442"]
[WhiteFideId "13403052"]
[BlackFideId "2902257"]
[EventDate "2022.12.26"]

1. Nf3 d5 2. g3 g6 3. Bg2 Bg7 4. c4 d4 5. O-O c5 6. d3 Nc6 7. Na3 e5 8. e3 Nge7
9. exd4 cxd4 10. Re1 O-O 11. b4 Nxb4 12. Nxe5 Nec6 13. Nxc6 bxc6 14. Nc2 Nxc2
15. Qxc2 Bd7 16. Bf4 Re8 17. c5 Qa5 18. Bd2 Qa6 19. Be4 Be6 20. Bf4 Red8 21.
Reb1 Bd5 22. Bxd5 Rxd5 23. Rb4 Bf8 24. Rc4 Qc8 25. Rc1 Qh3 26. Qe2 Rh5 27. g4
Rd5 28. f3 h5 29. Bg3 hxg4 30. fxg4 Bh6 31. Rf1 Be3+ 32. Kh1 Re8 33. Qf3 f5 34.
Bd6 Qxf3+ 35. Rxf3 fxg4 36. Rg3 Rf5 37. Rxg4 Rf1+ 38. Kg2 Rf2+ 39. Kg3 Rxa2 40.
Rb4 Kf7 41. Rb7+ Kf6 42. Bf4 g5 43. Bd6 Bg1 44. Re4 Rxe4 45. dxe4 Bxh2+ 46. Kg4
d3 47. Bxh2 Rxh2 48. Rxa7 d2 49. Rd7 Ke5 50. Kg3 Re2 51. Kf3 Rxe4 52. Rxd2 Rd4
53. Rg2 g4+ 54. Ke3 Kd5 55. Rf2 Kxc5 56. Rf5+ Kc4 57. Ra5 c5 58. Ra4+ Kd5 59.
Ra8 Re4+ 0-1

[Event "World Rapid Women 2022"]
[Site "Almaty KAZ"]
[Date "2022.12.27"]
[Round "8.11"]
[White "Gong, Qianyun"]
[Black "Paehtz, Elisabeth"]
[Result "1-0"]
[WhiteTitle "WGM"]
[BlackTitle "GM"]
[WhiteElo "2299"]
[BlackElo "2464"]
[WhiteFideId "8602425"]
[BlackFideId "4641833"]
[EventDate "2022.12.26"]

1. e4 c5 2. Nc3 d6 3. f4 g6 4. Nf3 Bg7 5. Bc4 e6 6. O-O Ne7 7. d4 cxd4 8. Nxd4
O-O 9. Bb3 a6 10. Be3 Nbc6 11. a4 d5 12. e5 Qc7 13. Nce2 Bd7 14. c3 Na5 15. Bc2
Nc4 16. Bc1 f6 17. exf6 Bxf6 18. b3 Nd6 19. Ba3 Rfe8 20. Kh1 Rac8 21. Rf3 Nf7
22. Rg3 Bg7 23. Re3 Nf5 24. Bxf5 exf5 25. Rd3 Re4 26. Rc1 Rce8 27. Qf1 Qb8 28.
g3 b5 29. a5 b4 30. Bxb4 Bb5 31. Nxb5 Qxb5 32. Ng1 Nh6 33. h3 Qb7 34. Kh2 d4 35.
Bc5 dxc3 36. b4 Nf7 37. Rdxc3 Bxc3 38. Rxc3 Re1 39. Qc4 R8e4 40. Bd4 Re8 41. Rc2
R1e4 42. Qc3 Nd6 43. Be5 Nb5 44. Qd3 Qf7 45. Nf3 h6 46. Rc6 Kh7 47. h4 Rxb4 48.
h5 gxh5 49. Rf6 Qxf6 50. Bxf6 Kg6 51. Be5 Re4 52. Qd7 1-0

[Event "World Rapid Women 2022"]
[Site "Almaty KAZ"]
[Date "2022.12.27"]
[Round "8.12"]
[White "Javakhishvili, Lela"]
[Black "Voit, Daria"]
[Result "0-1"]
[WhiteTitle "IM"]
[BlackTitle "WGM"]
[WhiteElo "2440"]
[BlackElo "2347"]
[WhiteFideId "13601458"]
[BlackFideId "4182146"]
[EventDate "2022.12.26"]

1. d4 Nf6 2. c4 e6 3. Nf3 d5 4. Nc3 Bb4 5. cxd5 exd5 6. Bg5 h6 7. Bh4 O-O 8. e3
Bf5 9. Qb3 c5 10. dxc5 Nc6 11. Be2 g5 12. Bg3 d4 13. Nxd4 Nxd4 14. exd4 Qxd4 15.
O-O Be6 16. Nb5 Qxc5 17. Qf3 Qe7 18. Nd4 Bd5 19. Qf5 Be4 20. Qh3 Kg7 21. Bf3 Qc5
22. Bxe4 Qxd4 23. Bxb7 Rae8 24. Qf5 Qxb2 25. Rab1 Qc3 26. Rfc1 Qd4 27. Rd1 Qc5
28. Qxc5 Bxc5 29. Rb5 Rd8 30. Rxd8 Rxd8 31. h3 Rd1+ 32. Kh2 Bd4 33. Bf3 Rd2 34.
Ra5 Kg6 35. a4 h5 36. h4 g4 37. Ba8 Ra2 38. Bc6 Rc2 39. Bb5 Rd2 40. Bc6 Rc2 41.
Bb5 Rd2 42. Bf4 Rxf2 43. Bd3+ Kg7 44. Rg5+ Kh8 45. Kg3 Ra2 46. Kh2 Rxa4 47. Rb5
Bg1+ 48. Kxg1 Rxf4 49. Rb7 Kg7 50. Rxa7 g3 51. Rc7 Rd4 52. Bf1 Rd1 53. Rc5 Nd5
54. Rc4 Rxf1+ 0-1

[Event "World Rapid Women 2022"]
[Site "Almaty KAZ"]
[Date "2022.12.27"]
[Round "8.13"]
[White "Atalik, Ekaterina"]
[Black "Mammadova, Gulnar"]
[Result "1/2-1/2"]
[WhiteTitle "IM"]
[BlackTitle "IM"]
[WhiteElo "2403"]
[BlackElo "2376"]
[WhiteFideId "4130189"]
[BlackFideId "13403508"]
[EventDate "2022.12.26"]

1. c4 e5 2. d3 Nc6 3. Nc3 g6 4. g3 Bg7 5. Bg2 d6 6. Nf3 f5 7. O-O Nf6 8. Rb1 a5
9. a3 O-O 10. b4 axb4 11. axb4 h6 12. b5 Ne7 13. Ne1 Rb8 14. Nc2 b6 15. Nb4 Bb7
16. Bxb7 Rxb7 17. e3 g5 18. Qf3 Qc8 19. Ncd5 Nfxd5 20. Nxd5 Ng6 21. Qh5 Qe6 22.
Qxg6 Qxg6 23. Ne7+ Kf7 24. Nxg6 Kxg6 25. Ra1 e4 26. d4 Rc8 27. Ra6 c6 28. Ba3
cxb5 29. cxb5 Bf8 30. Rc1 Rxc1+ 31. Bxc1 Kf7 32. d5 Bg7 33. Ba3 Be5 34. h3 h5
35. Kf1 h4 36. gxh4 gxh4 37. Ke2 Kf6 38. Bb4 f4 39. exf4 Bxf4 40. Bc3+ Be5 41.
Bd2 Bd4 42. Bf4 Kf5 43. Bxd6 Rd7 44. Ra4 Bf6 45. Bf8 Rxd5 46. Rb4 Rd3 47. Bh6
Be7 48. Rb1 Bc5 49. Be3 Bxe3 50. fxe3 Ke5 51. Rg1 Rb3 52. Rg5+ Kd6 53. Rh5 Rb2+
54. Kd1 Rh2 55. Rxh4 Kc5 56. Rxe4 Rxh3 57. Re5+ Kc4 58. Ke2 Rh1 59. Kf3 Rb1 60.
Kf4 Rf1+ 61. Kg5 Rf2 62. Kg6 Rf3 63. e4 Kd4 64. Re6 Kc5 65. e5 Kxb5 66. Rf6 Re3
67. e6 Kc5 68. Kf7 b5 69. e7 Rxe7+ 70. Kxe7 b4 71. Kd7 b3 72. Kc7 Kc4 73. Kc6 b2
74. Rf1 Kc3 75. Kc5 Kc2 76. Kc4 b1=Q 77. Rxb1 1/2-1/2

[Event "World Rapid Women 2022"]
[Site "Almaty KAZ"]
[Date "2022.12.27"]
[Round "8.14"]
[White "Mkrtchyan, Mariam"]
[Black "Lagno, Kateryna"]
[Result "0-1"]
[WhiteTitle "WIM"]
[BlackTitle "GM"]
[WhiteElo "2364"]
[BlackElo "2563"]
[WhiteFideId "13310828"]
[BlackFideId "14109336"]
[EventDate "2022.12.26"]

1. d4 Nf6 2. c4 e6 3. Nf3 d5 4. Nc3 dxc4 5. e4 Bb4 6. Bg5 h6 7. Bxf6 Qxf6 8.
Bxc4 c5 9. O-O cxd4 10. e5 Qd8 11. Ne4 O-O 12. Qe2 Be7 13. Rad1 Qa5 14. Ng3 Rd8
15. Qe4 Nd7 16. Rxd4 Nf8 17. Rxd8 Qxd8 18. Nh5 Rb8 19. Bb3 b5 20. Qg4 g6 21. Rd1
Bd7 22. Nf4 Qc7 23. h4 Rd8 24. h5 g5 25. Ne2 Bc6 26. Nfd4 Bb7 27. f4 Kh8 28. Kh1
gxf4 29. Qxf4 Bg5 30. Qg3 Qc5 31. Nf3 Rxd1+ 32. Bxd1 Nh7 33. Nxg5 Nxg5 34. Bb3
a5 35. a4 bxa4 36. Bxa4 Qc4 37. Qb3 Bxg2+ 38. Kxg2 Qxe2+ 39. Kg3 Qxe5+ 40. Kg2
Kg7 41. Bc6 Qd4 42. Qb7 Qg4+ 43. Kf2 Qxh5 44. Qc7 Qh4+ 45. Ke3 Qe1+ 46. Kd3 Qf1+
47. Ke3 Qf5 48. Qb7 Qc5+ 49. Kd3 h5 50. Be8 h4 51. Bc6 h3 52. Qd7 h2 53. Bb7
Qf5+ 54. Kc4 Qf1+ 55. Kb3 h1=Q 56. Bxh1 Qxh1 57. Qd4+ Kg6 58. Qd3+ Qe4 0-1

[Event "World Rapid Women 2022"]
[Site "Almaty KAZ"]
[Date "2022.12.27"]
[Round "8.15"]
[White "Padmini, Rout"]
[Black "Dzagnidze, Nana"]
[Result "1/2-1/2"]
[WhiteTitle "IM"]
[BlackTitle "GM"]
[WhiteElo "2389"]
[BlackElo "2517"]
[WhiteFideId "5029295"]
[BlackFideId "13601903"]
[EventDate "2022.12.26"]

1. Nf3 Nf6 2. g3 d5 3. Bg2 c6 4. O-O Bg4 5. d3 Nbd7 6. h3 Bh5 7. Nbd2 e6 8. e4
Qc7 9. Qe2 dxe4 10. dxe4 Be7 11. e5 Nd5 12. a3 O-O 13. Re1 a5 14. Nf1 Bxf3 15.
Bxf3 b5 16. h4 a4 17. h5 Rae8 18. Nh2 f5 19. exf6 Bxf6 20. c3 Ne5 21. Be4 Qf7
22. Bc2 Bd8 23. Rf1 Bc7 24. Kg2 Kh8 25. f4 Nc4 26. Nf3 e5 27. Ng5 Qd7 28. fxe5
Rxf1 29. Kxf1 Nxe5 30. Bf4 Ng4 31. Qd3 Nde3+ 32. Kg1 Qxd3 33. Bxd3 Bxf4 34. gxf4
Nd5 35. Bxh7 Nxf4 36. Be4 Nh3+ 37. Nxh3 Rxe4 38. Rd1 Re5 39. Nf4 Kh7 40. Rd6 Nf6
41. Rxc6 Rf5 42. Ne6 Nxh5 43. Nd4 Rg5+ 44. Kf2 Nf4 45. Ke3 Nd5+ 46. Kf3 Nf6 47.
Rb6 Rg1 48. Rxb5 g5 49. Kf2 Rb1 50. Rb4 Kg6 51. Nc2 Nd5 52. Rd4 Rxb2 53. Rxd5
Rxc2+ 54. Kg3 Rxc3+ 55. Kg4 Rc4+ 56. Kg3 Kf6 57. Ra5 Kg6 58. Ra8 Kf5 59. Ra5+
Ke4 60. Rxg5 Kd3 61. Kf2 Kc2 62. Rb5 Rc3 63. Ke2 Rxa3 64. Rb4 Kc3 65. Rb8 Rb3
66. Rc8+ Kb2 67. Kd2 a3 68. Rc2+ Ka1 69. Rc1+ Ka2 70. Rc2+ Rb2 71. Kc1 Ka1 72.
Rc8 Rb7 73. Rc6 Ka2 74. Rc8 Rg7 75. Kc2 Rg2+ 76. Kc1 Rb2 77. Rc7 Rb6 78. Rc8 1/2-1/2

[Event "World Rapid Women 2022"]
[Site "Almaty KAZ"]
[Date "2022.12.27"]
[Round "8.16"]
[White "Mammadzada, Gunay"]
[Black "Balajayeva, Khanim"]
[Result "0-1"]
[WhiteTitle "IM"]
[BlackTitle "WGM"]
[WhiteElo "2472"]
[BlackElo "2379"]
[WhiteFideId "13403729"]
[BlackFideId "13406396"]
[EventDate "2022.12.26"]

1. e4 e5 2. Nf3 Nc6 3. Bb5 a6 4. Ba4 Nf6 5. O-O Be7 6. Re1 b5 7. Bb3 d6 8. c3
O-O 9. h3 Nb8 10. d4 Nbd7 11. c4 c6 12. Nc3 b4 13. Na4 c5 14. d5 Re8 15. Bc2 Nf8
16. b3 Ng6 17. Nb2 a5 18. a3 Bd7 19. Bd2 h6 20. Nd3 Nh7 21. Kh2 Rf8 22. Qe2 Ng5
23. Bxg5 hxg5 24. Nd2 f6 25. Ra2 Kf7 26. Nf1 Rh8 27. Ne3 Qc8 28. g4 Nf4 29. Nxf4
gxf4 30. Nf5 Bf8 31. Rea1 bxa3 32. Rxa3 g6 33. Rxa5 Rxa5 34. Rxa5 gxf5 35. exf5
Qb7 36. Qe1 f3 37. Qa1 Qb4 38. Ra7 Qd2 39. Rxd7+ Kg8 40. Kg1 Rxh3 41. Be4 Rg3+ 0-1

[Event "World Rapid Women 2022"]
[Site "Almaty KAZ"]
[Date "2022.12.27"]
[Round "8.17"]
[White "Muminova, Nafisa"]
[Black "Ushenina, Anna"]
[Result "0-1"]
[WhiteTitle "WGM"]
[BlackTitle "GM"]
[WhiteElo "2274"]
[BlackElo "2454"]
[WhiteFideId "14201526"]
[BlackFideId "14110911"]
[EventDate "2022.12.26"]

1. e4 c5 2. Nc3 e6 3. f4 Nc6 4. Nf3 a6 5. a4 d5 6. e5 f6 7. d3 Qc7 8. Qe2 Nd4 9.
Nxd4 cxd4 10. Na2 fxe5 11. fxe5 Ne7 12. Bf4 Ng6 13. g3 Qa5+ 14. Bd2 Qxa4 15. Bh3
Bc5 16. O-O Bd7 17. b4 Be7 18. c3 dxc3 19. Bxc3 Rf8 20. Bg4 Rxf1+ 21. Rxf1 Qb3
22. Bh5 Bb5 23. Bg4 Bd7 24. Bh5 Rc8 25. Qf2 Rxc3 26. Nxc3 Qxc3 27. Qf7+ Kd8 28.
Qg8+ Kc7 29. Bxg6 hxg6 30. Qxg7 Bxb4 31. Rf7 Qc6 32. Qxg6 a5 33. d4 a4 34. Qb1
Bc3 35. Rf4 Qc4 36. h4 a3 37. Rf1 a2 0-1

[Event "World Rapid Women 2022"]
[Site "Almaty KAZ"]
[Date "2022.12.27"]
[Round "8.18"]
[White "Omonova, Umida"]
[Black "Girya, Olga"]
[Result "1/2-1/2"]
[WhiteTitle "WFM"]
[BlackTitle "GM"]
[WhiteElo "2052"]
[BlackElo "2398"]
[WhiteFideId "14210363"]
[BlackFideId "4195752"]
[EventDate "2022.12.26"]

1. e4 e5 2. Nf3 Nc6 3. Bc4 Bc5 4. O-O Nf6 5. d3 d6 6. c3 h6 7. Nbd2 O-O 8. h3 a5
9. Re1 Be6 10. Bb5 Bb6 11. Nf1 Ne7 12. Ng3 Nd7 13. d4 f5 14. Bxd7 Qxd7 15. dxe5
fxe4 16. Rxe4 d5 17. Re1 Rxf3 18. gxf3 Rf8 19. Be3 c5 20. Qe2 Ng6 21. Red1 Nxe5
22. f4 Nc4 23. Qxc4 dxc4 24. Rxd7 Bxd7 25. Ne4 Bxh3 26. Nxc5 Bc7 27. Rd1 b6 28.
Ne4 Bf5 29. Rd4 Be6 30. Nd6 Rd8 31. Nb5 Rxd4 32. Nxd4 Bd7 33. Nf3 b5 34. Ne5 Be6
35. Kg2 Bd5+ 36. Kg3 b4 37. Bc5 b3 38. a3 g5 39. Kg4 Bxe5 40. fxe5 Be6+ 41. Kg3
Kf7 42. f4 Kg6 43. fxg5 hxg5 44. a4 Kf5 45. Bb6 Bd7 46. Bxa5 Bxa4 47. Bb4 Bd7
48. Be7 g4 49. Bd6 Be6 50. Bc7 Ke4 51. Bd6 Kd3 1/2-1/2

[Event "World Rapid Women 2022"]
[Site "Almaty KAZ"]
[Date "2022.12.27"]
[Round "8.19"]
[White "Maltsevskaya, Aleksandra"]
[Black "Pourkashiyan, Atousa"]
[Result "1-0"]
[WhiteTitle "IM"]
[BlackTitle "WGM"]
[WhiteElo "2400"]
[BlackElo "2321"]
[WhiteFideId "24174041"]
[BlackFideId "12502014"]
[EventDate "2022.12.26"]

1. e4 c5 2. Nf3 e6 3. d4 cxd4 4. Nxd4 a6 5. Bd3 Bc5 6. Nb3 Be7 7. O-O Nc6 8. c4
d6 9. Nc3 Nf6 10. Be3 Ne5 11. Be2 O-O 12. Rc1 b6 13. f4 Ned7 14. Bf3 Bb7 15. Qd2
Qc7 16. Nd4 Rfe8 17. f5 Bf8 18. fxe6 fxe6 19. b3 Ne5 20. Bg5 Nxf3+ 21. gxf3 Qf7
22. Qg2 d5 23. e5 Nd7 24. cxd5 Bc5 25. Be3 Nxe5 26. f4 Ng6 27. f5 exf5 28. Nxf5
Bxe3+ 29. Nxe3 Qd7 30. Nc4 Qc7 31. Qg3 Qc5+ 32. Qf2 Qe7 33. Rce1 Qg5+ 34. Qg3
Qh5 35. Nd6 Rxe1 36. Rxe1 Bxd5 37. Rf1 Bc6 38. Rf5 Qh6 39. Rf1 Qd2 40. Nde4 Qd7
41. Rd1 Qe7 42. Qd6 Bxe4 43. Qxe7 Nxe7 44. Nxe4 Nf5 45. Rd7 Rc8 46. Rb7 Rc6 47.
Ng5 g6 48. Nxh7 a5 49. Ng5 Rc1+ 50. Kf2 Rc2+ 51. Kf3 Rxa2 52. Rxb6 Kg7 53. Rb7+
Kf6 54. Nh7+ Ke5 55. Nf8 Rxh2 56. Nxg6+ Kd6 57. Ke4 Ng3+ 58. Kd3 Kc6 59. Rf7 Rh5
60. Rf3 Rd5+ 61. Kc2 Ne4 62. Ne7+ Kd6 63. Nxd5 Kxd5 64. Rf5+ Kc6 65. Rxa5 Kb6
66. Re5 Nc5 67. b4 Nd7 68. Rg5 Nb8 69. Kc3 Kc6 70. Kc4 Nd7 71. Rg6+ Kc7 72. Kb5
Ne5 73. Rg7+ Kb8 74. Ka6 Nd3 75. Kb6 Kc8 76. b5 1-0

[Event "World Rapid Women 2022"]
[Site "Almaty KAZ"]
[Date "2022.12.27"]
[Round "8.20"]
[White "Kairbekova, Amina"]
[Black "Tania, Sachdev"]
[Result "1-0"]
[WhiteTitle "WIM"]
[BlackTitle "IM"]
[WhiteElo "2209"]
[BlackElo "2389"]
[WhiteFideId "13712799"]
[BlackFideId "5007844"]
[EventDate "2022.12.26"]

1. e4 e5 2. Nf3 Nc6 3. Bb5 a6 4. Ba4 Nf6 5. O-O b5 6. Bb3 Bb7 7. d3 Be7 8. c3 d6
9. a4 O-O 10. Re1 Na5 11. Bc2 c5 12. Nbd2 b4 13. d4 Nc6 14. d5 Nb8 15. Nf1 Nbd7
16. Ng3 g6 17. h4 Re8 18. h5 Nf8 19. Nh2 Bc8 20. f4 exf4 21. Bxf4 N8d7 22. a5
bxc3 23. bxc3 Ne5 24. Bxe5 dxe5 25. c4 Qd6 26. Ba4 Bd7 27. Bxd7 Nxd7 28. Qf3 Qf6
29. Qg4 Qg5 30. Qxd7 Qxg3 31. Rf1 Rad8 32. Qg4 Qc3 33. Rac1 Qxa5 34. Rxf7 Kxf7
35. Qe6+ Kg7 36. Qxe5+ Bf6 37. h6+ Kf7 38. Qf4 Qb6 39. Ng4 Qd6 40. Rf1 Qxf4 41.
Rxf4 Rd6 42. e5 g5 43. Rf3 Rxe5 44. Nxe5+ Ke7 45. Ng4 Bd4+ 46. Kf1 a5 47. Ra3
Ra6 48. Ra4 Bc3 49. Ra3 Bb4 50. Re3+ Kf7 51. Ne5+ Kf6 52. Nc6 Ra8 53. Re6+ Kf7
54. Ne5+ Kf8 55. Nd7+ Kf7 56. Ne5+ Kf8 57. d6 a4 58. Re7 Bc3 59. Rf7+ Kg8 60.
Rg7+ Kf8 61. Nd7+ Ke8 62. Rg8+ Kxd7 63. Rxa8 Kxd6 64. Rxa4 Bf6 65. Ra6+ Ke5 66.
Ra7 Kf5 67. Rxh7 Kg6 68. Rc7 Kxh6 69. Rxc5 1-0

[Event "World Rapid Women 2022"]
[Site "Almaty KAZ"]
[Date "2022.12.27"]
[Round "8.21"]
[White "Mkrtchian, Lilit"]
[Black "Schulze, Lara"]
[Result "0-1"]
[WhiteTitle "IM"]
[BlackTitle "FM"]
[WhiteElo "2377"]
[BlackElo "2284"]
[WhiteFideId "13300601"]
[BlackFideId "12956830"]
[EventDate "2022.12.26"]

1. Nf3 d5 2. g3 Bg4 3. Bg2 c6 4. h3 Bh5 5. O-O Nf6 6. d4 Nbd7 7. c4 e6 8. cxd5
exd5 9. Nh4 Bg6 10. Qb3 Qb6 11. Qe3+ Be7 12. b3 Nf8 13. Ba3 Ne6 14. Bxe7 Kxe7
15. Rd1 Rhe8 16. Nc3 Kf8 17. Na4 Qb4 18. a3 Qd6 19. Nxg6+ hxg6 20. b4 a5 21. Nb6
Ra6 22. bxa5 Rxa5 23. a4 c5 24. dxc5 Nxc5 25. Nc4 Qc7 0-1

[Event "World Rapid Women 2022"]
[Site "Almaty KAZ"]
[Date "2022.12.27"]
[Round "8.22"]
[White "Injac, Teodora"]
[Black "Hajiyeva, Laman"]
[Result "1-0"]
[WhiteTitle "WGM"]
[BlackTitle "WFM"]
[WhiteElo "2365"]
[BlackElo "2135"]
[WhiteFideId "932400"]
[BlackFideId "13415875"]
[EventDate "2022.12.26"]

1. Nf3 d5 2. g3 Nf6 3. Bg2 g6 4. O-O Bg7 5. d4 O-O 6. c4 c6 7. a4 a5 8. Na3 Na6
9. cxd5 cxd5 10. Qb3 Ne4 11. Bf4 Nb4 12. Nb5 Bd7 13. Bc7 Qe8 14. Bxa5 Rxa5 15.
Qxb4 Rxb5 16. axb5 Bxb5 17. Rfe1 e6 18. e3 f5 19. Rec1 Bc6 20. Ne5 Bxe5 21. dxe5
Qb8 22. Qd4 h5 23. h4 Qd8 24. Ra7 Rf7 25. Rca1 Kg7 26. Qb4 Qc7 27. Qd4 Bb5 28.
Qd1 Qc5 29. R7a5 Qc6 30. Qc1 Qb6 31. Bf1 Bxf1 32. Qxf1 Qxb2 33. Rb5 Qc2 34. Rc1
Qa4 35. Rb6 Re7 36. Qb5 Qa2 37. Qb2 Qa8 38. Kg2 f4 39. exf4 Qa7 40. Ra1 Qb8 41.
Qb4 Rc7 42. Rxe6 Qd8 43. Qb6 1-0

[Event "World Rapid Women 2022"]
[Site "Almaty KAZ"]
[Date "2022.12.27"]
[Round "8.23"]
[White "Lu, Miaoyi"]
[Black "Harika, Dronavalli"]
[Result "0-1"]
[BlackTitle "GM"]
[WhiteElo "2399"]
[BlackElo "2507"]
[WhiteFideId "8618020"]
[BlackFideId "5015197"]
[EventDate "2022.12.26"]

1. e4 g6 2. d4 Bg7 3. Nc3 d6 4. Be3 a6 5. h4 h5 6. Nh3 Bxh3 7. Rxh3 Nd7 8. a4
Ngf6 9. Be2 c6 10. f4 e5 11. a5 Qe7 12. fxe5 dxe5 13. d5 cxd5 14. exd5 Rc8 15.
Qd2 O-O 16. d6 Qe6 17. Bg5 Rc6 18. Rd1 e4 19. Re3 Qe5 20. Na2 Rc5 21. c4 Qh2 22.
Qb4 Qxg2 23. Nc3 Rxg5 24. hxg5 Qxg5 25. Rh3 Ne5 26. Nd5 Nxd5 27. Rxd5 Qg1+ 28.
Kd2 Qg2 29. Re3 Ng4 30. d7 Nxe3 31. d8=Q Rxd8 32. Rxd8+ Kh7 33. Qe7 Nxc4+ 34.
Kc1 Qxe2 35. Qxf7 Qxb2+ 36. Kd1 Qa1+ 37. Kc2 Qa2+ 38. Kc1 Qa3+ 39. Kc2 Qc3+ 40.
Kd1 Qb3+ 41. Kc1 Qc3+ 42. Kd1 Qf3+ 43. Qxf3 exf3 44. Rd7 Kh6 45. Rxb7 Nxa5 46.
Rf7 Nc4 47. Rxf3 Kg5 48. Rf7 Be5 49. Ra7 h4 50. Rxa6 h3 51. Ra7 h2 52. Rh7 Bg3 0-1